Culture Générale - Série 10 - Statistiques

Statistiques générales
  • Ce quiz a été pris 6 199 fois
  • Le résultat moyen est 6 sur 10
Statistiques - réponses
Question Réponse % Correct
Quel peintre s'est coupé l'oreille ? Van Gogh
94%
Combien de joueurs une équipe de basket compte-t-elle ? 5
90%
Quel monument d'Alexandrie fait partie des sept merveilles du monde ? Phare
80%
Quel fut le premier livre imprimé par Gutenberg? Bible
77%
Qui a dit "Je pense donc je suis" ? Descartes
70%
Comment s'appelle l'enveloppe d'un insecte avant qu'il ne devienne papillon ? Chrysalide
64%
À quel mouvement le peintre Dali appartient-il ? Surréaliste
55%
Qui est Norma Jean Baker ? Marilyn Monroe
29%
Qui a dessiné les albums de Spirou et Fantasio ? Franquin
18%
Qui raconte une saison en Enfer ? Rimbaud
11%
Aucun quiz correspondant
Distribution des résultats
% des personnes avec chaque résultat
Percentile par nombre de réponses
Votre historique - résultats
Vous n’avez pas pris ce quiz